000 00775nab a2200229u 4500
001 15414
003 HDC
007 c| |||a|c|aaaa
008 210217b20121125my ||||| |||| 00| 0 may d
040 _aHDC
245 0 _aIsa yakin industri halal terus melonjak di rantau IMT-GT
336 _atext
_2rdacontent
337 _acomputer
_2rdamedia
338 _aonline resource
_2rdacarrier
650 _aHalal Centre Majlis Amanah Rakyat (MARA)
_915629
650 _aHalal Development Corporation (HDC)
_98170
710 _aBERITA HARIAN
856 _zRequest full-text at [email protected]
942 _2lcc
942 _cNEWS
942 _kNWSC 003697
999 _c12730
_d12730